<?xml version="1.0" encoding="UTF-8"?><?xml-stylesheet type="text/xsl" href="static/style.xsl"?><OAI-PMH xmlns="http://www.openarchives.org/OAI/2.0/" xmlns:xsi="http://www.w3.org/2001/XMLSchema-instance" xsi:schemaLocation="http://www.openarchives.org/OAI/2.0/ http://www.openarchives.org/OAI/2.0/OAI-PMH.xsd"><responseDate>2026-06-03T05:38:51Z</responseDate><request verb="GetRecord" identifier="oai:riuma.uma.es:10630/37231" metadataPrefix="marc">https://riuma.uma.es/rest/oai/request</request><GetRecord><record><header><identifier>oai:riuma.uma.es:10630/37231</identifier><datestamp>2026-02-03T11:44:31Z</datestamp><setSpec>com_10630_2254</setSpec><setSpec>col_10630_37956</setSpec></header><metadata><record xmlns="http://www.loc.gov/MARC21/slim" xmlns:dcterms="http://purl.org/dc/terms/" xmlns:doc="http://www.lyncode.com/xoai" xmlns:xsi="http://www.w3.org/2001/XMLSchema-instance" xsi:schemaLocation="http://www.loc.gov/MARC21/slim http://www.loc.gov/standards/marcxml/schema/MARC21slim.xsd">
   <leader>00925njm 22002777a 4500</leader>
   <datafield ind2=" " ind1=" " tag="042">
      <subfield code="a">dc</subfield>
   </datafield>
   <datafield ind2=" " ind1=" " tag="720">
      <subfield code="a">Pérez-García, Juan Carlos</subfield>
      <subfield code="e">author</subfield>
   </datafield>
   <datafield ind2=" " ind1=" " tag="260">
      <subfield code="c">2021-11</subfield>
   </datafield>
   <datafield ind2=" " ind1=" " tag="520">
      <subfield code="a">Este capítulo de este libro colectivo universitario es resultado de la línea de investigación postdoctoral del solicitante sobre la memoria histórica, colectiva y traumática en el cómic y las artes visuales, desarrollada desde 2016 en obras artísticas y publicaciones científicas, y expuesta en diversos congresos internacionales. En este caso, se aborda desde un punto de vista histórico, sociológico y estético un análisis comparado de diversos casos de estudio de cómics/novelas gráficas que han tratado el franquismo: “Cigarras”, de Luis García, ‘Paracuellos’ y ‘Barrio’ de Carlos Giménez, ‘Soledad. La mémoire blessée’, de Tito, ‘El artefacto perverso’, de Felipe Hernández Cava y Federico del Barrio, ‘Cuerda de presas’, de Jorge García y Fidel Martínez, ‘El arte de volar’ y ‘El ala rota’, de Antonio Altarriba y Kim, ‘Nieve en los bolsillos’ , de Kim, ‘Lamia’ de Rayco Pulido, ‘Regreso al Edén’ de Paco Roca, ’Estamos todas bien’ y ‘Todo bajo el sol’, obras ambas de Ana Penyas, entre otras. &#xd;
Trabajo de investigación realizado como miembro del Grupo de Investigación ‘Poéticas de la ficción en las artes de la contemporaneidad’ (HUM-941) y como parte del Proyecto internacional iCON-Mics Action. Investigation on Comics and Graphic Novels in the Iberian Cultural Area (COST. European Cooperation in Science &amp; Technology), 2020-2024.</subfield>
   </datafield>
   <datafield ind1="8" ind2=" " tag="024">
      <subfield code="a">Pérez García, J.C. (2021). Imaginar para conocer: memoria sobre el franquismo en el cómic. En I. Touton, J.A. Carballés, A-C. Sanz-Gavilán y C. Jareño (eds.), Trazos de memoria, trozos de historia. Cómic y franquismo. Madrid: Marmotilla, 2021, pp. 47–81.</subfield>
   </datafield>
   <datafield ind1="8" ind2=" " tag="024">
      <subfield code="a">978-84-09-32886-4</subfield>
   </datafield>
   <datafield ind1="8" ind2=" " tag="024">
      <subfield code="a">https://hdl.handle.net/10630/37231</subfield>
   </datafield>
   <datafield tag="653" ind2=" " ind1=" ">
      <subfield code="a">Comics</subfield>
   </datafield>
   <datafield tag="653" ind2=" " ind1=" ">
      <subfield code="a">Franquismo</subfield>
   </datafield>
   <datafield tag="653" ind2=" " ind1=" ">
      <subfield code="a">Memoria colectiva</subfield>
   </datafield>
   <datafield ind2="0" ind1="0" tag="245">
      <subfield code="a">Imaginar para conocer: memoria sobre el franquismo en el cómic.</subfield>
   </datafield>
</record>
</metadata></record></GetRecord></OAI-PMH>